00801nam a2200217 a 4500008004100000020001500041050001500056100003400071245011700105246008400222260002300306300001500329350000900344500005100353650001200404650001700416650005500433650002600488650004800514700002100562120416s1996 ||||||||||||||||| || u a088936799X aGN 380 Pos aPosey, Darrell Addison, 1947-10aBeyond intellectual property : toward traditional resource rights for indigenous peoples and local communities / aToward traditional resource rights for indigenous peoples and local communities aOttawabIDRCc1996 axv, 303 p. a0.00 aIncludes bibliographical references and index. aCULTURE aETHNOSCIENCE aCULTURAL PROPERTY--PROTECTION--LAW AND LEGISLATION 2aINTELLECTUAL PROPERTY aIndigenous peoples--Legal status, laws, etc aDutfield, Graham